[Event "4NCL Division 4 South"]
[Site "Daventry, ENG"]
[Date "2019.04.14"]
[Round "8.16"]
[White "Upham, John E"]
[Black "Weatherlake, John P"]
[Result "0-1"]
[WhiteElo "1630"]
[BlackElo "1922"]
[PlyCount "58"]
[EventDate "2019.04.14"]
[WhiteTeam "Crowthorne 1"]
[BlackTeam "Wessex B"]

1. d4 d6 2. e4 Nf6 3. Nc3 Nbd7 4. Nf3 e5 5. Bc4 Be7 6. O-O c6 7. a4 h6 8. Re1
Qc7 9. Ba2 Nf8 10. Qd3 Ne6 11. g3 Nh7 12. b4 Nhg5 13. dxe5 dxe5 14. Bxe6 Bxe6
15. Nxg5 hxg5 16. Rb1 Rd8 17. Qe2 Rd4 18. b5 Bb4 19. Rxb4 Rxb4 20. Bxg5 Rc4 21.
Rd1 f6 22. Bd2 O-O 23. Qe3 Rd8 24. h4 Qb6 25. Qf3 cxb5 26. axb5 Rcd4 27. Be3
Rxd1+ 28. Nxd1 Qa5 29. Kf1 Bc4+ 0-1

[Event "4NCL Division 4 South"]
[Site "Daventry, ENG"]
[Date "2019.04.14"]
[Round "8.21"]
[White "Davis, Lee"]
[Black "Mercs, Peter J"]
[Result "1/2-1/2"]
[WhiteElo "1919"]
[BlackElo "2087"]
[PlyCount "65"]
[EventDate "2019.04.14"]
[WhiteTeam "West is Best 3"]
[BlackTeam "Ashfield 1"]

1. d4 Nf6 2. c4 e6 3. Nf3 c5 4. g3 cxd4 5. Nxd4 Bb4+ 6. Bd2 Bxd2+ 7. Qxd2 O-O
8. Bg2 d5 9. cxd5 exd5 10. Nc3 Nc6 11. O-O Rb8 12. Rfd1 Re8 13. h3 Be6 14. Rac1
Nxd4 15. Qxd4 Qa5 16. Qa4 Qxa4 17. Nxa4 Rbd8 18. Nc5 Bc8 19. e3 h6 20. Nb3 Re7
21. Nd4 Be6 22. Rc2 Kh7 23. Rdc1 Ne8 24. Bf1 a6 25. Bd3+ g6 26. h4 Kg7 27. Kg2
Bg4 28. b4 Bd7 29. b5 axb5 30. Bxb5 Nd6 31. Rc7 Nxb5 32. Nxb5 Kf8 33. Nd4
1/2-1/2

[Event "4NCL Division 4 South"]
[Site "Daventry, ENG"]
[Date "2019.04.14"]
[Round "8.22"]
[White "Jarvis, Derek A"]
[Black "Spencer, Douglas"]
[Result "1/2-1/2"]
[WhiteElo "2065"]
[BlackElo "1968"]
[PlyCount "48"]
[EventDate "2019.04.14"]
[WhiteTeam "Ashfield 1"]
[BlackTeam "West is Best 3"]

1. e4 e5 2. Nf3 Nf6 3. d4 Nxe4 4. Bd3 d5 5. Nxe5 Bd6 6. O-O O-O 7. c4 Bxe5 8.
dxe5 Be6 9. Qc2 f5 10. exf6 Nxf6 11. Bg5 h6 12. cxd5 Bxd5 13. Bxf6 Rxf6 14. Nc3
Bc6 15. Rad1 Qf8 16. Qb3+ Kh8 17. Nd5 Bxd5 18. Qxd5 Nc6 19. Qe4 g6 20. Rde1 Kg7
21. a3 Rd8 22. Bb1 Qd6 23. g3 Qd4 24. Re2 Qxe4 1/2-1/2

[Event "4NCL Division 4 South"]
[Site "Daventry, ENG"]
[Date "2019.04.14"]
[Round "8.23"]
[White "Davies, Matthew"]
[Black "Combie, Alex B"]
[Result "0-1"]
[WhiteElo "1933"]
[BlackElo "2005"]
[PlyCount "80"]
[EventDate "2019.04.14"]
[WhiteTeam "West is Best 3"]
[BlackTeam "Ashfield 1"]

1. d4 Nf6 2. c4 g6 3. Nc3 Bg7 4. e4 d6 5. Nf3 O-O 6. Be2 e5 7. O-O Nc6 8. d5
Ne7 9. Nd2 Ne8 10. b4 f5 11. a4 Bh6 12. a5 Nf6 13. Bd3 Bxd2 14. Qxd2 f4 15. f3
g5 16. c5 h5 17. a6 b6 18. Bb2 g4 19. Rfc1 h4 20. Nb5 Ne8 21. cxd6 cxd6 22. Qc2
Bd7 23. Ra3 h3 24. Nc7 Rc8 25. Rc3 Nxc7 26. Rxc7 Ra8 27. Rb7 Bc8 28. Rc7 hxg2
29. Kxg2 Ng6 30. Qc6 gxf3+ 31. Kh1 Bh3 32. Qb7 Qf6 33. Bf1 Bg4 34. Rh7 f2 35.
Kg2 Bc8 36. Qc7 Nh8 37. Kxf2 Nf7 38. Rh5 Bg4 39. Rf5 Qh4+ 40. Kg1 Bxf5 0-1

[Event "4NCL Division 4 South"]
[Site "Daventry, ENG"]
[Date "2019.04.14"]
[Round "8.24"]
[White "Naylor, Michael A"]
[Black "Gregory, Andrew M"]
[Result "1-0"]
[WhiteElo "1975"]
[BlackElo "1933"]
[PlyCount "67"]
[EventDate "2019.04.14"]
[WhiteTeam "Ashfield 1"]
[BlackTeam "West is Best 3"]

1. e4 d6 2. d4 Nf6 3. Nc3 Nbd7 4. Bd3 e5 5. Be3 exd4 6. Bxd4 Ne5 7. Be2 Be7 8.
f4 Nc6 9. Nf3 O-O 10. O-O a6 11. a4 b6 12. Bf2 Ng4 13. Qd2 Nxf2 14. Rxf2 Bb7
15. Nd5 Re8 16. Re1 Bf6 17. Nc3 Bxc3 18. Qxc3 Rxe4 19. Ng5 Re8 20. Qh3 h6 21.
Nxf7 Qf6 22. Ng5 Nd4 23. Bc4+ d5 24. Ne4 Qf5 25. g4 Qf8 26. Ba2 Kh8 27. c3 Ne6
28. Re3 dxe4 29. g5 Nc5 30. Rg2 Qxf4 31. gxh6 Qxh6 32. Rg6 Qh7 33. Bf7 Re7 34.
Qxh7+ 1-0

[Event "4NCL Division 4 South"]
[Site "Daventry, ENG"]
[Date "2019.04.14"]
[Round "8.25"]
[White "Hurley, Jake"]
[Black "Truman, Richard G"]
[Result "0-1"]
[WhiteElo "1837"]
[BlackElo "1945"]
[PlyCount "66"]
[EventDate "2019.04.14"]
[WhiteTeam "West is Best 3"]
[BlackTeam "Ashfield 1"]

1. e4 c5 2. Nf3 e6 3. d3 Nc6 4. Nbd2 g6 5. g3 Bg7 6. Bg2 Nge7 7. O-O O-O 8. Re1
d6 9. c3 Rb8 10. a4 b6 11. Nf1 Ba6 12. h4 h6 13. N1h2 Kh7 14. Bf4 e5 15. Be3 d5
16. Ng4 f5 17. exf5 gxf5 18. Nxh6 Bxh6 19. Bxh6 Kxh6 20. a5 e4 21. dxe4 dxe4
22. Qc1+ Kg7 23. Ng5 Rf6 24. axb6 Qxb6 25. Bxe4 fxe4 26. Rxe4 Bc8 27. Qe3 Nd5
28. Qe2 Qxb2 29. Rxa7+ Kg6 30. h5+ Kxg5 31. Rg4+ Bxg4 32. f4+ Kh6 33. Qxg4 Nxa7
0-1

[Event "4NCL Division 4 South"]
[Site "Daventry, ENG"]
[Date "2019.04.14"]
[Round "8.26"]
[White "Burke, Steven J"]
[Black "Fowler, Hugo"]
[Result "1/2-1/2"]
[WhiteElo "1952"]
[BlackElo "1819"]
[PlyCount "31"]
[EventDate "2019.04.14"]
[WhiteTeam "Ashfield 1"]
[BlackTeam "West is Best 3"]

1. c4 Nf6 2. Nc3 d5 3. cxd5 Nxd5 4. g3 g6 5. Bg2 Nxc3 6. bxc3 Bg7 7. Nf3 c5 8.
O-O O-O 9. Rb1 Nc6 10. Qc2 Rb8 11. c4 Qc7 12. d3 b6 13. Bd2 Bb7 14. Bc3 Nd4 15.
Bxd4 cxd4 16. Rb2 1/2-1/2

[Event "4NCL Division 4 South"]
[Site "Daventry, ENG"]
[Date "2019.04.14"]
[Round "8.31"]
[White "Tivillier, Jacques"]
[Black "Nelson, Omowale"]
[Result "0-1"]
[WhiteElo "1915"]
[BlackElo "2012"]
[PlyCount "94"]
[EventDate "2019.04.14"]
[WhiteTeam "Celtic Tigers 2"]
[BlackTeam "Watford 1"]

1. e4 c6 2. Nf3 d5 3. Nc3 Bg4 4. h3 Bxf3 5. Qxf3 Nf6 6. exd5 cxd5 7. Bb5+ Nc6
8. O-O e6 9. Ne2 Qb6 10. Ba4 Bc5 11. c3 O-O 12. d4 Bd6 13. Bc2 Rac8 14. a3 Na5
15. Nf4 Nb3 16. Bxb3 Qxb3 17. Nd3 Ne4 18. Bf4 Be7 19. Qe2 $11 b6 20. f3 Nd6 21.
Ne5 Nc4 22. Nxc4 Rxc4 23. Qd2 Rfc8 24. Rab1 a5 25. Qe2 h6 26. Qf2 Bf6 27. Rfe1
Qb5 28. Qe2 Qd7 29. Qf2 b5 30. Qg3 b4 31. axb4 axb4 32. Bd2 Qe7 33. Qf2 Qa7 34.
Ra1 Qb6 35. Ra4 Kh7 36. Rea1 bxc3 37. bxc3 Qb2 38. R4a2 Qb3 39. Be1 Rb8 40. Ra3
Qb2 41. R3a2 Qb6 42. Ra6 Qc7 43. Qc2+ g6 44. Qa2 Qf4 45. Bd2 Bxd4+ 46. cxd4
Qxd4+ 47. Kh1 Rb2 0-1

[Event "4NCL Division 4 South"]
[Site "Daventry, ENG"]
[Date "2019.04.14"]
[Round "8.32"]
[White "Lancaster, Roger"]
[Black "Kelmendi, Bajrush"]
[Result "0-1"]
[WhiteElo "1945"]
[BlackElo "1942"]
[PlyCount "60"]
[EventDate "2019.04.14"]
[WhiteTeam "Watford 1"]
[BlackTeam "Celtic Tigers 2"]

1. e4 c5 2. Nc3 Nc6 3. g3 g6 4. Bg2 Bg7 5. d3 b6 6. Be3 Bb7 7. Qd2 a6 8. Nge2
Nd4 9. O-O e6 10. Rae1 Rc8 11. f4 Qc7 12. Nd1 Ne7 13. c3 Nxe2+ 14. Rxe2 O-O 15.
g4 f5 16. gxf5 gxf5 17. e5 Kh8 18. Rff2 Rg8 19. Bxb7 Qxb7 20. Rg2 Bh6 21. Rxg8+
Rxg8+ 22. Rg2 Ng6 23. c4 Qf3 24. Nc3 Bxf4 25. Bxf4 Nxf4 26. Rxg8+ Kxg8 27. h3
Qg3+ 28. Kh1 Qxh3+ 29. Kg1 Qg3+ 30. Kh1 Nxd3 0-1

[Event "4NCL Division 4 South"]
[Site "Daventry, ENG"]
[Date "2019.04.14"]
[Round "8.33"]
[White "Buttell, David"]
[Black "Luberto, Michael"]
[Result "1/2-1/2"]
[WhiteElo "1945"]
[BlackElo "1930"]
[PlyCount "36"]
[EventDate "2019.04.14"]
[WhiteTeam "Celtic Tigers 2"]
[BlackTeam "Watford 1"]

1. d4 Nf6 2. c4 g6 3. Nc3 Bg7 4. e4 d6 5. f3 O-O 6. Be3 Nc6 7. Nge2 e5 8. d5
Ne7 9. Qd2 Nd7 10. Nc1 f5 11. Bd3 f4 12. Bf2 Rf7 13. b4 a5 14. b5 b6 15. a4 Kh8
16. Nb3 Bf6 17. O-O-O Ng8 18. Rdg1 Bg5 1/2-1/2

[Event "4NCL Division 4 South"]
[Site "Daventry, ENG"]
[Date "2019.04.14"]
[Round "8.34"]
[White "Sloan, Cecil"]
[Black "Webster, David"]
[Result "0-1"]
[WhiteElo "1772"]
[BlackElo "1962"]
[PlyCount "36"]
[EventDate "2019.04.14"]
[WhiteTeam "Watford 1"]
[BlackTeam "Celtic Tigers 2"]

1. e4 c5 2. Nf3 a6 3. d4 cxd4 4. Nxd4 Nf6 5. Nc3 e5 6. Nf3 Bb4 7. Bd2 d6 8. Bd3
O-O 9. O-O Bg4 10. Qe2 Nc6 11. Qe3 Bc5 12. Qg5 Bxf3 13. gxf3 Nd4 14. Qg2 Nh5
15. Nd5 Qh4 16. Bg5 Qxg5 17. Qxg5 Nxf3+ 18. Kg2 Nxg5 0-1

[Event "4NCL Division 4 South"]
[Site "Daventry, ENG"]
[Date "2019.04.14"]
[Round "8.35"]
[White "Stevenson, James"]
[Black "Mead-Herbert, Bradley"]
[Result "1-0"]
[WhiteElo "1994"]
[BlackElo "1585"]
[PlyCount "83"]
[EventDate "2019.04.14"]
[WhiteTeam "Celtic Tigers 2"]
[BlackTeam "Watford 1"]

1. e4 c5 2. d4 cxd4 3. c3 Nc6 4. cxd4 d5 5. exd5 Qxd5 6. Nf3 Bg4 7. Be2 e6 8.
Nc3 Qa5 9. O-O Nf6 10. Be3 a6 11. h3 Bh5 12. a3 Bd6 13. b4 Qd8 14. Qb3 O-O 15.
Rfd1 Nd5 16. Ne4 Nxe3 17. Qxe3 Bc7 18. Rac1 h6 19. Nc5 Ne7 20. Nxb7 Qb8 21. Nc5
Bf4 22. Qb3 Bxc1 23. Rxc1 Qd6 24. Rd1 Ra7 25. Qd3 Bxf3 26. Bxf3 Nd5 27. g3 f5
28. Re1 Rf6 29. Qb3 Rg6 30. Rxe6 Rxe6 31. Bxd5 Kh8 32. Bxe6 Qxd4 33. Qd3 Qxd3
34. Nxd3 g6 35. Kf1 Kg7 36. Bc4 a5 37. Ke2 axb4 38. axb4 Kf6 39. Ke3 g5 40. Kd4
Rd7+ 41. Bd5 h5 42. b5 1-0

[Event "4NCL Division 4 South"]
[Site "Daventry, ENG"]
[Date "2019.04.14"]
[Round "8.36"]
[White "Morrell, Sean"]
[Black "White, John"]
[Result "0-1"]
[WhiteElo "1487"]
[BlackElo "1787"]
[PlyCount "53"]
[EventDate "2019.04.14"]
[WhiteTeam "Watford 1"]
[BlackTeam "Celtic Tigers 2"]

1. e4 c5 2. Nf3 d6 3. Bb5+ Bd7 4. Bxd7+ Nxd7 5. d4 cxd4 6. Nxd4 Ngf6 7. Nc3 a6
8. O-O e6 9. Bg5 Qc7 10. Qd2 Be7 11. Rad1 O-O 12. Rfe1 Rfe8 13. Nf3 Rac8 14. a4
Qb6 15. Rb1 Qc5 16. Qd4 Ne5 17. Qxc5 Nxf3+ 18. gxf3 Rxc5 19. Be3 Rc4 20. Rbd1
Rec8 21. Rd4 Rxd4 22. Bxd4 Rc4 23. Rd1 e5 24. Be3 h6 25. Rd3 Kf8 26. b3 Rc6 27.
Rd2 0-1

[Event "4NCL Division 4 South"]
[Site "Daventry, ENG"]
[Date "2019.04.14"]
[Round "8.41"]
[White "Burrows, Nick"]
[Black "Paul, Nathanael"]
[Result "1/2-1/2"]
[WhiteElo "1932"]
[BlackElo "2057"]
[PlyCount "74"]
[EventDate "2019.04.14"]
[WhiteTeam "Oxford 3"]
[BlackTeam "Shropshire 2"]

1. c4 c6 2. Nf3 d5 3. e3 Nf6 4. Nc3 Nbd7 5. Qc2 dxc4 6. Bxc4 Nb6 7. Be2 Bg4 8.
d4 e6 9. O-O Be7 10. Rd1 O-O 11. e4 Bh5 12. Bf4 Bg6 13. Ne5 Nh5 14. Be3 Bg5 15.
Nxg6 hxg6 16. Qd2 Bxe3 17. Qxe3 Nf6 18. Qg3 Qe7 19. e5 Nfd7 20. Ne4 Rfd8 21.
Ng5 Nf8 22. Qh4 c5 23. f4 Rxd4 24. Rxd4 cxd4 25. Rd1 Qc5 26. Rd3 Nd5 27. Ne4
Qc1+ 28. Kf2 Nxf4 29. Rf3 Nxe2 30. Nd6 Ng1 31. Rxf7 Qe3+ 32. Kf1 d3 33. Rxg7+
Kxg7 34. Qe7+ Kg8 35. Qf7+ Kh8 36. Qf6+ Kh7 37. Qe7+ Kg8 1/2-1/2

[Event "4NCL Division 4 South"]
[Site "Daventry, ENG"]
[Date "2019.04.14"]
[Round "8.42"]
[White "Hurney, Kevin"]
[Black "Terry, Sean"]
[Result "0-1"]
[WhiteElo "2057"]
[BlackElo "1888"]
[PlyCount "66"]
[EventDate "2019.04.14"]
[WhiteTeam "Shropshire 2"]
[BlackTeam "Oxford 3"]

1. e4 c6 2. d4 d5 3. Nd2 dxe4 4. Nxe4 Bf5 5. Ng3 Bg6 6. Nf3 Nd7 7. h4 h6 8. h5
Bh7 9. Bd3 Bxd3 10. Qxd3 Ngf6 11. Bd2 e6 12. O-O-O Qc7 13. Kb1 c5 14. Rh4 c4
15. Qe2 Nd5 16. Ne5 Nxe5 17. dxe5 Rc8 18. f4 Be7 19. Rg4 c3 20. Bxc3 Nxc3+ 21.
bxc3 Qb6+ 22. Ka1 Rxc3 23. Qd2 Qc6 24. f5 Rxc2 25. Qd3 Qxg2 26. Kb1 Rb2+ 27.
Kc1 O-O 28. f6 Rc8+ 29. Rc4 Rxc4+ 30. Qxc4 gxf6 31. Ne4 Rxa2 32. Qc8+ Kh7 33.
Qc3 Qxe4 0-1

[Event "4NCL Division 4 South"]
[Site "Daventry, ENG"]
[Date "2019.04.14"]
[Round "8.43"]
[White "Wilson, Edgar"]
[Black "Bowcott-Terry, Finlay"]
[Result "0-1"]
[WhiteElo "1922"]
[BlackElo "2050"]
[PlyCount "128"]
[EventDate "2019.04.14"]
[WhiteTeam "Oxford 3"]
[BlackTeam "Shropshire 2"]

1. e4 e5 2. Nc3 Nc6 3. Bc4 Nf6 4. f4 d6 5. Nf3 Be7 6. d3 O-O 7. O-O a6 8. Kh1
Bg4 9. h3 Be6 10. Bxe6 fxe6 11. fxe5 dxe5 12. Be3 Nh5 13. Ne2 Nf4 14. Kh2 Ng6
15. Qd2 Qd7 16. c3 Rad8 17. Rad1 Rf7 18. Kg1 Rdf8 19. d4 Nh4 20. Nxh4 Bxh4 21.
d5 exd5 22. Rxf7 Qxf7 23. Qxd5 Rd8 24. Qxf7+ Kxf7 25. Rd5 Ke6 26. Rxd8 Bxd8 27.
Kf2 Be7 28. Nc1 Na5 29. Nd3 b6 30. b3 Nb7 31. Ke2 Nd6 32. Nf2 Bh4 33. Kd3 Bxf2
34. Bxf2 b5 35. Be3 Nb7 36. Bc1 Nc5+ 37. Ke3 Nd7 38. Bd2 Nb6 39. Kd3 Kd6 40.
Bc1 c5 41. c4 Nd7 42. cxb5 axb5 43. a4 c4+ 44. Kc3 cxb3 45. a5 Kc6 46. Ba3 Nf6
47. Kd3 Kb7 48. Bb2 Nd7 49. Ba3 Ka6 50. Bb4 Nb8 51. Bd6 Nc6 52. Bc7 b4 53. g4
Kb5 54. h4 Nd4 55. Bxe5 b2 56. Kxd4 b1=Q 57. Kd5 Qd1+ 58. Bd4 Qxg4 59. e5 Qxh4
60. e6 Qd8+ 61. Ke5 Kc4 62. Bb2 Qxa5+ 63. Kd6 Qd8+ 64. Kc6 Qd5+ 0-1

[Event "4NCL Division 4 South"]
[Site "Daventry, ENG"]
[Date "2019.04.14"]
[Round "8.44"]
[White "Bull, Philip"]
[Black "MacQueen, Stuart"]
[Result "0-1"]
[WhiteElo "1997"]
[BlackElo "1890"]
[PlyCount "74"]
[EventDate "2019.04.14"]
[WhiteTeam "Shropshire 2"]
[BlackTeam "Oxford 3"]

1. d4 d5 2. e3 Bf5 3. Bd3 Bg6 4. f4 e6 5. Nf3 c5 6. c3 Nd7 7. O-O Ngf6 8. Ne5
Bxd3 9. Qxd3 Be7 10. Nd2 O-O 11. Rf3 Re8 12. Rh3 Qc7 13. g4 g6 14. Nxd7 Qxd7
15. g5 Nh5 16. Qf1 Ng7 17. Nf3 Rab8 18. Ne5 Qc7 19. Ng4 Nh5 20. Qf3 Rf8 21.
Nh6+ Kg7 22. Bd2 f6 23. gxf6+ Rxf6 24. Ng4 Rf5 25. Ne5 b5 26. Rf1 a5 27. e4
dxe4 28. Qxe4 Qb7 29. Qe2 Qd5 30. Be3 cxd4 31. Bxd4 Bc5 32. Rhf3 Bxd4+ 33. cxd4
Qxd4+ 34. Qf2 Nxf4 35. Rxf4 Qxe5 36. Qa7+ Kh8 37. Rh4 Rg5+ 0-1

[Event "4NCL Division 4 South"]
[Site "Daventry, ENG"]
[Date "2019.04.14"]
[Round "8.45"]
[White "Foster, Timothy"]
[Black "Portman, Carl S"]
[Result "1/2-1/2"]
[WhiteElo "1862"]
[BlackElo "1967"]
[PlyCount "75"]
[EventDate "2019.04.14"]
[WhiteTeam "Oxford 3"]
[BlackTeam "Shropshire 2"]

1. Nf3 b6 2. c4 Bb7 3. g3 e6 4. Bg2 Nf6 5. O-O Be7 6. b3 O-O 7. Bb2 d6 8. Nc3
Nbd7 9. d4 Ne4 10. Nxe4 Bxe4 11. Nd2 Bxg2 12. Kxg2 f5 13. e4 Qe8 14. exf5 exf5
15. f4 Bf6 16. Re1 Qf7 17. Qc2 g6 18. d5 Rae8 19. Bxf6 Qxf6 20. b4 Kf7 21. Nf3
h6 22. Qd2 Rxe1 23. Rxe1 Re8 24. Rxe8 Kxe8 25. Nd4 Qe7 26. Ne6 Nf8 27. Nd4 Qe4+
28. Kh3 Kf7 29. Qc3 g5 30. Ne6 Nxe6 31. dxe6+ Qxe6 32. Qh8 Qxc4 33. Qh7+ Ke8
34. Qxf5 gxf4 35. gxf4 Qxb4 36. Qe6+ Kf8 37. Qf6+ Ke8 38. Qe6+ 1/2-1/2

[Event "4NCL Division 4 South"]
[Site "Daventry, ENG"]
[Date "2019.04.14"]
[Round "8.46"]
[White "Jamieson, Ian"]
[Black "Cole, Graham"]
[Result "1/2-1/2"]
[WhiteElo "1967"]
[BlackElo "1794"]
[PlyCount "88"]
[EventDate "2019.04.14"]
[WhiteTeam "Shropshire 2"]
[BlackTeam "Oxford 3"]

1. f4 c5 2. e4 d5 3. d3 dxe4 4. dxe4 Qxd1+ 5. Kxd1 Bg4+ 6. Be2 Bxe2+ 7. Kxe2
Nc6 8. c3 e5 9. g3 Nf6 10. Kf3 O-O-O 11. Be3 h5 12. Nd2 Ng4 13. Nh3 Rd3 14. Nf1
Be7 15. Nf2 Nxf2 16. Kxf2 Rhd8 17. Ke2 R3d7 18. Nd2 b6 19. Nf3 exf4 20. gxf4 g6
21. a4 Bf6 22. Nd2 Na5 23. e5 Be7 24. Ne4 Nc4 25. Bc1 Kb7 26. b3 Na5 27. Rb1
Kc6 28. Rg1 Kd5 29. Nd2 Ke6 30. Ne4 Kf5 31. Ng3+ Ke6 32. Rf1 h4 33. Ne4 Kf5 34.
Kf3 Rd1 35. Rxd1 Rxd1 36. Nd2 g5 37. Ke2 Rh1 38. Nf1 gxf4 39. Ba3 Kxe5 40. Kf2
h3 41. Re1+ Kd6 42. Rd1+ Ke6 43. Re1+ Kd6 44. Rd1+ Ke6 1/2-1/2

[Event "4NCL Division 4 South"]
[Site "Daventry, ENG"]
[Date "2019.04.14"]
[Round "8.51"]
[White "Paterson, Andrew I"]
[Black "McMahon, Paul"]
[Result "0-1"]
[WhiteElo "2065"]
[BlackElo "1892"]
[PlyCount "66"]
[EventDate "2019.04.14"]
[WhiteTeam "Warwickshire Select 2"]
[BlackTeam "Poisoned Pawns - Next Generation"]

1. g3 d5 2. Bg2 Nf6 3. Nf3 Bg4 4. O-O Nbd7 5. h3 Bxf3 6. exf3 e6 7. d4 c5 8. f4
cxd4 9. Qxd4 Bc5 10. Qd3 O-O 11. Nd2 Rc8 12. c4 dxc4 13. Nxc4 Qc7 14. Be3 Rfd8
15. Qe2 Nd5 16. Bxc5 Qxc5 17. Na3 N7f6 18. Rfd1 a6 19. Rd2 b5 20. Rad1 Rc7 21.
f5 Qb6 22. fxe6 fxe6 23. Nc2 Rcd7 24. Ne1 h6 25. Nf3 Ne7 26. Ne5 Rxd2 27. Rxd2
Rxd2 28. Qxd2 Ned5 29. Qc2 Qc7 30. Qe2 Qc1+ 31. Kh2 Qc5 32. a3 Qc7 33. h4 Qxe5
0-1

[Event "4NCL Division 4 South"]
[Site "Daventry, ENG"]
[Date "2019.04.14"]
[Round "8.52"]
[White "Srivastava, Arnav"]
[Black "Purcell, Philip"]
[Result "1-0"]
[WhiteElo "1870"]
[BlackElo "2065"]
[PlyCount "75"]
[EventDate "2019.04.14"]
[WhiteTeam "Poisoned Pawns - Next Generation"]
[BlackTeam "Warwickshire Select 2"]

1. d4 Nf6 2. c4 g6 3. Nc3 Bg7 4. e4 d6 5. Nf3 O-O 6. Be2 e5 7. dxe5 dxe5 8.
Qxd8 Rxd8 9. Bg5 Re8 10. Rd1 Bd7 11. O-O h6 12. Bxf6 Bxf6 13. Rd2 Be6 14. Nd5
Bxd5 15. cxd5 c6 16. Bc4 b5 17. Be2 a6 18. dxc6 Nxc6 19. Rd6 Re6 20. Rxe6 fxe6
21. Rc1 Nd4 22. Nxd4 exd4 23. Rc6 d3 24. Bxd3 Bxb2 25. Rxe6 Kf7 26. Rd6 Be5 27.
Rd5 Ke6 28. g3 g5 29. Be2 Rb8 30. Bg4+ Kf6 31. Kg2 Rb6 32. f4 gxf4 33. gxf4 Bb8
34. e5+ Ke7 35. f5 Bc7 36. f6+ Kf8 37. Rc5 Bb8 38. e6 1-0

[Event "4NCL Division 4 South"]
[Site "Daventry, ENG"]
[Date "2019.04.14"]
[Round "8.53"]
[White "Green, Anthony J"]
[Black "Volovich, Julia"]
[Result "1/2-1/2"]
[WhiteElo "1980"]
[BlackElo "1885"]
[PlyCount "48"]
[EventDate "2019.04.14"]
[WhiteTeam "Warwickshire Select 2"]
[BlackTeam "Poisoned Pawns - Next Generation"]

1. d4 Nf6 2. c4 g6 3. Nc3 d5 4. cxd5 Nxd5 5. e4 Nxc3 6. bxc3 Bg7 7. Be3 c5 8.
Nf3 Nc6 9. Rb1 cxd4 10. cxd4 Qa5+ 11. Qd2 Qxd2+ 12. Kxd2 O-O 13. Bd3 Rd8 14. d5
Ne5 15. Nxe5 Bxe5 16. Ke2 b6 17. Rbc1 e6 18. Bc4 exd5 19. exd5 Bb7 20. Rhd1 Rd7
21. f4 Bg7 22. Rc2 Rad8 23. Rcd2 Rd6 $11 24. Kf2 R6d7 1/2-1/2

[Event "4NCL Division 4 South"]
[Site "Daventry, ENG"]
[Date "2019.04.14"]
[Round "8.54"]
[White "Weersing, Abigail Riis"]
[Black "Ingram, Keith R"]
[Result "1-0"]
[WhiteElo "1862"]
[BlackElo "1953"]
[PlyCount "141"]
[EventDate "2019.04.14"]
[WhiteTeam "Poisoned Pawns - Next Generation"]
[BlackTeam "Warwickshire Select 2"]

1. d4 Nf6 2. c4 e6 3. g3 Bb4+ 4. Bd2 Qe7 5. Bg2 O-O 6. Nf3 d5 7. O-O Bxd2 8.
Qxd2 Nc6 9. Nc3 b6 10. cxd5 exd5 11. Ng5 Be6 12. Rac1 Na5 13. Qc2 Rac8 14. e4
dxe4 15. Ngxe4 Nxe4 16. Qxe4 Qd7 17. Rfd1 Bf5 18. Qd5 c6 19. Qxd7 Bxd7 20. d5
cxd5 21. Nxd5 Rxc1 22. Rxc1 Bb5 23. b4 Nc6 24. Rxc6 Bxc6 25. Ne7+ Kh8 26. Nxc6
a6 27. a4 f5 28. f4 h6 29. Ne5 Rc8 30. Bc6 Kg8 31. b5 axb5 32. axb5 g5 33. Kf2
gxf4 34. gxf4 Kg7 35. Kg3 Kf6 36. Nd7+ Ke7 37. Nxb6 Rg8+ 38. Kf3 Kd6 39. Nc4+
Kc5 40. Ne5 Rg1 41. Kf2 Rb1 42. Kg3 Rf1 43. Bd7 Rh1 44. Nf3 Rd1 45. Bc6 Rd6 46.
Kf2 Rg6 47. Ne5 Rd6 48. Ke3 Rd1 49. Nd3+ Kd6 50. Ke2 Ra1 51. h3 Ra2+ 52. Ke3
Ra3 53. Be8 Ra1 54. Bg6 Rb1 55. Bxf5 Rxb5 56. Be4 Rh5 57. Nf2 Ra5 58. Kf3 Ke6
59. Nd3 Kf6 60. f5 Ra4 61. Nf2 Ra3+ 62. Kf4 h5 63. Bf3 h4 64. Ne4+ Kg7 65. Bg4
Ra4 66. f6+ Kg6 67. Bf5+ Kf7 68. Kg5 Rd4 69. Bg6+ Kf8 70. Kh6 Rd7 71. Ng5 1-0

[Event "4NCL Division 4 South"]
[Site "Daventry, ENG"]
[Date "2019.04.14"]
[Round "8.55"]
[White "Dicen, Imogen"]
[Black "Weersing, Sarah"]
[Result "1-0"]
[WhiteElo "1832"]
[BlackElo "1787"]
[PlyCount "175"]
[EventDate "2019.04.14"]
[WhiteTeam "Warwickshire Select 2"]
[BlackTeam "Poisoned Pawns - Next Generation"]

1. d4 d5 2. Nf3 Nf6 3. b3 Bf5 4. e3 e6 5. Bb2 c6 6. Be2 Nbd7 7. O-O Bd6 8. Nbd2
O-O 9. Rc1 h6 10. Re1 Re8 11. h3 e5 12. dxe5 Nxe5 13. Nxe5 Bxe5 14. Bxe5 Rxe5
15. Nf3 Re7 16. Bd3 Qd7 17. Bxf5 Qxf5 18. Nd4 Qg5 19. Qd3 Ne4 20. Nf3 Qf6 21.
c4 Nc5 22. Qc2 dxc4 23. Qxc4 Ne4 24. Red1 Rae8 25. Rd4 c5 26. Rdd1 b6 27. Qc2
Kh8 28. Rd3 Qe6 29. Rcd1 a6 30. Rd5 Qc6 31. Qb2 b5 32. Ne5 Qc7 33. f4 Nf6 34.
Rd6 Qb7 35. Qc2 Kg8 36. Kh2 Rc7 37. Rd8 Rc8 38. R8d6 Rc7 $11 39. Qf5 Qe4 40.
Rxf6 Qxf5 41. Rxf5 f6 42. Ng4 c4 43. bxc4 bxc4 44. Rc1 Rd8 45. Rc2 Rd3 46. Nf2
Rxe3 47. Ra5 Rc6 48. Ra4 c3 49. Ra3 Rc4 50. g3 Re6 51. Kg2 Kf7 52. Rcxc3 Rd4
53. f5 Rb6 54. Rd3 Rc4 55. Rd8 Ke7 56. Rad3 Rb7 57. Rg8 Kf7 58. Rgd8 Ke7 59.
Rd2 Ra4 60. h4 Rc7 61. R8d5 Ra3 62. Ne4 Ra4 63. Re2 Kf7 64. Nc5 Ra5 65. Rd7+
Rxd7 66. Nxd7 Rxf5 67. Nb6 Ra5 68. g4 g6 69. Nc4 Rd5 70. Ne3 Ra5 71. Kf3 f5 72.
gxf5 gxf5 73. Rd2 Ke6 74. Nc4 Ra4 75. Rc2 h5 76. a3 Kf6 77. Ke3 Ke6 78. Kf4 Kf6
79. Rc3 Ke6 80. Kg5 f4 81. Kxf4 Kd5 82. Kg5 Rxc4 83. Rxc4 Kxc4 84. Kxh5 Kd5 85.
Kg6 Ke6 86. h5 Ke7 87. Kg7 Ke6 88. h6 1-0

[Event "4NCL Division 4 South"]
[Site "Daventry, ENG"]
[Date "2019.04.14"]
[Round "8.56"]
[White "Judkins, Brian D"]
[Black "Amir, Zain"]
[Result "1-0"]
[WhiteElo "1697"]
[BlackElo "1330"]
[PlyCount "35"]
[EventDate "2019.04.14"]
[WhiteTeam "Poisoned Pawns - Next Generation"]
[BlackTeam "Warwickshire Select 2"]

1. e4 e5 2. Nf3 Nc6 3. d4 exd4 4. c3 dxc3 5. Nxc3 Bb4 6. Bc4 Nf6 7. e5 Ng4 8.
O-O O-O 9. Bf4 b6 10. h3 Nh6 11. Bxh6 gxh6 12. Ne4 Qe7 13. Nf6+ Kh8 14. Qd3
Qxf6 15. exf6 Kg8 16. Qe3 Bb7 17. Qxh6 Bd6 18. Qg7# 1-0

[Event "4NCL Division 4 South"]
[Site "Daventry, ENG"]
[Date "2019.04.14"]
[Round "8.61"]
[White "Gogia, Armaan"]
[Black "Bin-Suhayl, Ieysaa"]
[Result "1-0"]
[WhiteElo "1982"]
[BlackElo "2110"]
[PlyCount "89"]
[EventDate "2019.04.14"]
[WhiteTeam "Ashfield 2"]
[BlackTeam "Rook & Roll"]

1. e4 c5 2. Nf3 e6 3. d4 cxd4 4. Nxd4 Nc6 5. Nc3 a6 6. Be3 Nf6 7. f3 d5 8. exd5
exd5 9. Qd2 Bb4 10. O-O-O Qa5 11. Nb3 Bxc3 12. Nxa5 Bxd2+ 13. Bxd2 O-O 14. Nxc6
bxc6 15. Bb4 Re8 16. Bd3 a5 17. Bc3 Be6 18. Rhe1 c5 19. Bb5 Red8 20. Bxf6 gxf6
21. Rd2 a4 22. a3 c4 23. f4 f5 24. Re5 Kf8 25. g4 fxg4 26. f5 Bc8 27. Rdxd5
Rxd5 28. Rxd5 Ba6 29. Bc6 Rc8 30. f6 h6 31. Bxa4 c3 32. bxc3 Kg8 33. Bd7 Rd8
34. Rd4 h5 35. Bf5 Rxd4 36. cxd4 Kf8 37. Kd2 Ke8 38. Ke3 Kd8 39. Kf4 Kc7 40.
Kg5 Be2 41. Bd3 Bd1 42. c3 Kd6 43. Bc4 h4 44. Kxh4 Bc2 45. Bxf7 1-0